书目信息 |
| 题名: |
金矿
|
|
| 作者: | 伯乐 , 伯乐 著 ;周健 , 刘健 译 | |
| 分册: | Ⅱ 精益管理者的成长 | |
| 出版信息: | 北京 机械工业出版社 2010 |
|
| 页数: | 14,341页 | |
| 开本: | 24cm | |
| 丛书名: | 精益思想丛书 | |
| 单 册: | ||
| 中图分类: | F270-49 | |
| 科图分类: | ||
| 主题词: | 企业管理--通俗读物 , 企业管理 | |
| 电子资源: | ||
| ISBN: | 978-7-111-31513-1 | |
| 000 | 01176oam2 2200313 450 | |
| 001 | 523 | |
| 005 | 20140908165546.90 | |
| 010 | @a978-7-111-31513-1@dCNY45.00 | |
| 100 | @a20101207d2010 em y0chiy50 ea | |
| 101 | 1 | @achi@cfre |
| 102 | @aCN@b110000 | |
| 105 | @ay z 000yy | |
| 106 | @ar | |
| 200 | 1 | @a金矿@hⅡ@i精益管理者的成长@f(法)迈克·伯乐(Michael Balle ),(法)弗雷迪·伯乐( Freddy Balle )著@g周健,刘健译@zeng |
| 210 | @a北京@c机械工业出版社@d2010 | |
| 215 | @a14,341页@d24cm | |
| 225 | 2 | @a精益思想丛书@v21 |
| 305 | @a由Lean Enterprise Instiute, Inc. 授权 | |
| 330 | @a本书体会公司总裁、工厂经理、班组长、操作员工以及公司里各个不同层级与部门的人们,在公司通过实施精益变革进行自救的过程中,在传统与精益的两种不同管理方式下,经受的煎熬与成长。这个过程教育读者,精益远不止是一些方法、工具的应用,更是观念和管理方式的彻底转变。 | |
| 461 | 0 | @1001003215389 |
| 606 | 0 | @a企业管理@j通俗读物 |
| 606 | 0 | @a企业管理 |
| 690 | @aF270-49@v5 | |
| 701 | 0 | @c(法)@a伯乐@c(Balle, Michael)@4著 |
| 701 | 0 | @c(法)@a伯乐@c(Balle, Freddy)@4著 |
| 702 | 0 | @a周健@4译 |
| 702 | 0 | @a刘健@4译 |
| 801 | 0 | @aCN@bTANGWEI@c20140603 |
| 905 | @b0842606-08@dF270-49@e978@f3 | |
| 金矿.Ⅱ.精益管理者的成长/(法)迈克·伯乐(Michael Balle ),(法)弗雷迪·伯乐( Freddy Balle )著/周健,刘健译.-北京:机械工业出版社,2010 |
| 14,341页;24cm.-(精益思想丛书;21) |
| ISBN 978-7-111-31513-1:CNY45.00 |
| 本书体会公司总裁、工厂经理、班组长、操作员工以及公司里各个不同层级与部门的人们,在公司通过实施精益变革进行自救的过程中,在传统与精益的两种不同管理方式下,经受的煎熬与成长。这个过程教育读者,精益远不止是一些方法、工具的应用,更是观念和管理方式的彻底转变。 |
| ● |
| 相关链接 |
|
|
|
|
正题名:金矿
索取号:F270-49/978
 
预约/预借
| 序号 | 登录号 | 条形码 | 馆藏地/架位号 | 状态 | 备注 |
| 1 | 0842606 | 208426069 | 第一样本阅览室/ [索取号:F270-49/978] | 在馆 | |
| 2 | 0842607 | 208426078 | 密集书库-海洋学院/ [索取号:F270-49/978] | 在馆 | |
| 3 | 0842608 | 208426087 | 第一借阅区/ [索取号:F270-49/978] | 在馆 |